Séries mal décrites - Statistiques

Statistiques générales
  • Ce quiz a été pris 3 503 fois
  • Le résultat moyen est 6 sur 10
Statistiques - réponses
Hint Réponse % Correct
Des enfants qui jouent à un jeu de société qui va mal tourner, les lumières vont faire n'importe quoi et ils vont chercher leur pote partout pendant que lui tente de survivre aux monstres chelous qui veulent le bouffer. Stranger Things
91%
Un prof pas terrible va appeler son ancien élève pour commencer à dealer sous prétexte qu'il a un cancer et qu'il veut mettre sa famille à l'abri. Breaking Bad
79%
Une fille meurt, mais pas de panique ! On va passer les 13 épisodes à essayer de comprendre pourquoi, tout en découvrant les secrets les plus intimes des lycéens les plus populaires. C'est comme un feuilleton télé, mais avec plus de grunge 13 Reasons Why
76%
Des ados pauvres vont chercher un trésor mais des ados riches viennent pour casser leur plans à chaque fois, du coup ils se tapent sur la tronche et boivent des bières quand c'est fini et que le shériff ne les recherche pas. Outer Banks
71%
La racaille anglaise bien sapée va commencer à lancer des business et à éliminer les concurrents à coup de lame de rasoirs. Peaky Blinders
56%
Un gérant de club un peu spécial va aider une flic sur ses enquêtes policière, pendant 6 saisons. (plot-twist il arrive à se la taper à la fin) Lucifer
55%
Une fois sorti de l'hôpital, un flic va tomber sur des mecs peu commodes dont un qui rampe par terre, et va finir par retrouver son meilleur pote qui se tape sa femme. The Walking Dead
44%
Une famille de boucher pour qui la faillite commence à arriver va exploiter leur grand-mère pour faire pousser des herbes aromatiques qu'ils vont vendre pour renflouer les caisses. Et Enrico Macias va participer à leur connerie. Family Business
42%
Des gens dans le coma vont avoir l'impression d'être dans un nouveau monde et vont jouer à des jeux à la con pour garder le droit de vivre. Alice in Borderland
36%
Un ado veut récupérer son ex qui l'a quitté comme une merde, donc il va commencer à vendre des pilules, et ça dégénère. How to sell drugs online
16%
Aucun quiz correspondant
Distribution des résultats
% des personnes avec chaque résultat
Percentile par nombre de réponses
Votre historique - résultats
Vous n’avez pas pris ce quiz